Statistics for 2023 - 2017 Final CFB AP Polls

Click here to take the quiz!

General Stats

  • This quiz has been taken 25 times
  • The average score is 58 of 70

Answer Stats

% Correct
1Alabama
100%
5Alabama
100%
1Alabama
100%
8Alabama
100%
2Alabama
100%
2Alabama
100%
5Alabama
100%
1Georgia
100%
9Georgia
100%
4Georgia
100%
4Georgia
100%
1Georgia
100%
2Georgia
100%
8Georgia
100%
3Michigan
100%
1Michigan
100%
3Michigan
100%
8Washington
100%
2Washington
100%
1Clemson
95%
2Clemson
95%
2Clemson
95%
4Clemson
95%
6Florida State
95%
1LSU
95%
6LSU
95%
3Texas
95%
9Texas
95%
6Florida
89%
7Florida
89%
7Florida
89%
6Ohio State
89%
3Ohio State
89%
5Ohio State
89%
10Ohio State
89%
3Ohio State
89%
4Ohio State
89%
3Ohio State
89%
3Oklahoma
84%
4Oklahoma
84%
7Oklahoma
84%
6Oklahoma
84%
10Oklahoma
84%
5Oregon
84%
7Oregon
84%
4Notre Dame
79%
8Notre Dame
79%
5Notre Dame
79%
9TCU
79%
2TCU
79%
9Michigan State
74%
8Missouri
74%
5Texas A&M
74%
4Cincinnati
68%
7Penn State
68%
9Penn State
68%
8Penn State
68%
6Tennessee
68%
5Baylor
63%
7Oklahoma State
58%
9Ole Miss
58%
6UCF
53%
10Utah
53%
7Wisconsin
53%
10Auburn
47%
10Iowa State
47%
9Tulane
42%
10Washington State
37%
8Cincinatti
32%
10Minnesota
32%

Score Distribution

Percentile by Number Answered

Percent of People with Each Score

Your Score History

You have not taken this quiz